| 000 | 01684cam a22003854i 4500 | ||
|---|---|---|---|
| 003 | PE-LiUPU | ||
| 005 | 20250731184117.0 | ||
| 008 | 150616s1995 enk r 000 0 eng d | ||
| 020 | _a1850750483 | ||
| 035 | _a(Sirsi) i9781850750482 | ||
| 040 |
_aPE-LiUPU _bspa _cPE-LiUPU _erda |
||
| 049 | _aPRUA | ||
| 082 | 0 | 4 |
_a892.402 _bW32 _221 |
| 100 | 1 |
_aWatson, Wilfred G.E., _eautor. |
|
| 245 | 1 | 0 |
_aClassical Hebrew Poetry A Guide to its Techniques / _cWatson Wilfred. |
| 264 | 1 |
_aSheffield, England : _bSheffield Academic Press Ltd., _c1995. |
|
| 300 |
_a460 páginas ; _c23 centímetros |
||
| 336 |
_atext _2rdacontent |
||
| 337 |
_aunmediated _2rdamedia |
||
| 338 |
_avolume _2rdacarrier |
||
| 505 | 0 | _aPoetic texts in other semitic languages -- Analysing Hebrew poetry: Notes on method -- The Hebrew poet in action -- Metre -- Parallelism -- Stanza and Strophe -- Verse-Patterns -- Sound in Hebrew poetry -- Imagery -- Poetic Devices -- Seccondary Techniques -- Appendix: Worked Examples -- Closing Comments. poetic texts. | |
| 526 | _aP145 | ||
| 526 | _aP127 | ||
| 526 | _aP97 | ||
| 526 | _aP14 | ||
| 526 | _aP07 | ||
| 650 | 0 | 4 | _aPoesi hebrea - Historia - Manuales, Guias, Etc. |
| 910 |
_ajck _bjvq _cjck |
||
| 942 |
_2ddc _cBOOK |
||
| 949 |
_a892.402 W32 _wDEWEY _c1 _i40396 _lCCODEBUL1 _mBUL _r0 _sY _tBOOK _u2015-6-16 _xTEOLOGIA _zUNKNOWN _0COMPRA _o.STAFF. Colección General |
||
| 994 |
_aC0 _bPEPRU |
||
| 596 | _a1 | ||
| 999 |
_a892.402 W32 _wDEWEY _c58201 _i40396 _d58201 _f2021-11-11 _g5 _lCCODEBUL1 _mBUL _p39.95 _q2 _r0 _sY _tBOOK _u2015-6-16 _xTEOLOGIA _PP35 _0COMPRA _o.STAFF. Colección Teología |
||
| 980 |
_81 _gALBERTO SANCHEZ Responsable de Automatización |
||